[Event "POL-chT 1st League"]
[Site "Darlowo"]
[Date "2024.09.19"]
[Round "6.18"]
[White "Michalska, Aleksandra"]
[Black "Kudlak, Julia"]
[Result "0-1"]
[WhiteElo "1856"]
[BlackElo "1865"]
[PlyCount "106"]
[EventDate "2024.09.14"]
[EventType "team-swiss"]
[EventRounds "9"]
[EventCountry "POL"]
[SourceTitle "EXT 2025"]
[Source "ChessBase"]
[SourceDate "2024.10.14"]
[SourceVersion "1"]
[SourceVersionDate "2024.10.14"]
[SourceQuality "1"]

1. e4 c5 2. Nc3 Nc6 3. Bb5 Nd4 4. Bc4 e6 5. d3 a6 6. a4 g6 7. Nge2 Bg7 8. Ba2 Ne7 9. 0-0 0-0 10. f4 d5 11. Kh1 b6 12. f5 gxf5 13. Nf4 dxe4 14. dxe4 Ng6 15. exf5 Nxf5 16. Qf3 Ra7 17. Rd1 Qh4 18. Kg1 Bd4+ 19. Rxd4 Nxd4 20. Qf2 Qxf2+ 21. Kxf2 Nxc2 22. Rb1 Nb4 23. Bc4 Rd8 24. Nh5 f5 25. Bg5 Rd4 26. Bf1 Kf7 27. Be3 Rh4 28. Be2 Nd5 29. Bg5 Rb4 30. Nxd5 exd5 31. Bf3 Be6 32. Bd8 Ne5 33. Be2 c4 34. Nf4 Ng4+ 35. Ke1 d4 36. h3 d3 37. hxg4 dxe2 38. Nxe2 fxg4 39. a5 bxa5 40. Bxa5 Rb5 41. Bc3 Bf5 42. Ra1 h5 43. Nd4 Rd5 44. g3 Bd3 45. Kf2 Rad7 46. Ke3 R7d6 47. Ra3 Re5+ 48. Kf2 Re4 49. Ra5 Rexd4 50. Bxd4 Rxd4 51. Rxa6 Re4 52. Rb6 Re6 53. Rb5 Kg6 0-1

[Event "POL-chT 1st League"]
[Site "Darlowo"]
[Date "2024.09.17"]
[Round "4.18"]
[White "Kudlak, Julia"]
[Black "Malicka, Magdalena"]
[Result "1-0"]
[WhiteElo "1865"]
[BlackElo "1703"]
[PlyCount "87"]
[EventDate "2024.09.14"]
[EventType "team-swiss"]
[EventRounds "9"]
[EventCountry "POL"]
[SourceTitle "EXT 2025"]
[Source "ChessBase"]
[SourceDate "2024.10.14"]
[SourceVersion "1"]
[SourceVersionDate "2024.10.14"]
[SourceQuality "1"]

1. e4 e5 2. Nf3 Nc6 3. Bb5 a6 4. Ba4 d6 5. 0-0 Bd7 6. c3 g6 7. d4 Bg7 8. dxe5 dxe5 9. Bb3 Nge7 10. Be3 Na5 11. Nbd2 Nxb3 12. Nxb3 Bg4 13. Qxd8+ Rxd8 14. Nc5 Bxf3 15. gxf3 Rb8 16. Rfd1 a5 17. Rd2 Nc8 18. Nd7 Ra8 19. Bg5 Nd6 20. Nf6+ Bxf6 21. Bxf6 Nc4 22. Re2 0-0 23. b3 Nd6 24. Bxe5 a4 25. Rd1 axb3 26. axb3 Ra3 27. Rb2 Rfa8 28. Kg2 R3a5 29. Bg3 Rb5 30. Rdb1 Rc5 31. c4 Kf8 32. Rd2 Ke7 33. Rd5 Rca5 34. c5 Nb5 35. Rbd1 Nc3 36. Re5+ Kf8 37. Rd7 f6 38. Ree7 Rxc5 39. Rxh7 Rh5 40. Rhf7+ Kg8 41. Rxf6 Ne2 42. Rxg6+ Kh8 43. f4 c5 44. f5 1-0

[Event "Polanica Zdroj op 60th"]
[Site "Polanica Zdroj"]
[Date "2024.08.23"]
[Round "7"]
[White "Kudlak, Julia"]
[Black "Rosa, Antoni"]
[Result "0-1"]
[WhiteElo "1911"]
[BlackElo "1978"]
[PlyCount "52"]
[EventDate "2024.08.17"]
[EventType "swiss"]
[EventRounds "9"]
[EventCountry "POL"]
[SourceTitle "CBM 221 Extra"]
[Source "ChessBase"]
[SourceDate "2024.09.30"]
[SourceVersion "1"]
[SourceVersionDate "2024.09.30"]
[SourceQuality "1"]

1. d4 Nf6 2. c4 g6 3. Nc3 Bg7 4. e4 d6 5. Nf3 0-0 6. h3 Na6 7. Be3 c5 8. d5 Nc7 9. Be2 a6 10. a4 Rb8 11. g4 Bd7 12. g5 Nfe8 13. Nd2 b5 14. axb5 axb5 15. Qc2 bxc4 16. Nxc4 Nb5 17. Nxb5 Bxb5 18. Rb1 Bxc4 19. Bxc4 Nc7 20. 0-0 Nb5 21. Bxb5 Rxb5 22. b3 Qb6 23. Rfd1 Rb8 24. Rd3 Rb4 25. f3 Qb5 26. Bd2 c4 0-1

[Event "Wroclaw Anderssen Memorial op"]
[Site "Wroclaw"]
[Date "2024.08.15"]
[Round "3"]
[White "Piontke, Kamil"]
[Black "Kudlak, Julia"]
[Result "0-1"]
[WhiteElo "1507"]
[BlackElo "1911"]
[PlyCount "56"]
[EventDate "2024.08.15"]
[EventType "swiss (blitz)"]
[EventRounds "9"]
[EventCountry "POL"]
[SourceTitle "CBM 221 Extra"]
[Source "ChessBase"]
[SourceDate "2024.09.30"]
[SourceVersion "1"]
[SourceVersionDate "2024.09.30"]
[SourceQuality "1"]

1. e4 e5 2. Nf3 Nc6 3. d4 exd4 4. Bc4 Nf6 5. 0-0 Bc5 6. Bg5 h6 7. Bh4 g5 8. Bg3 d6 9. e5 Ne4 10. exd6 Nxg3 11. Re1+ Kf8 12. dxc7 Qxc7 13. hxg3 d3 14. Qxd3 Qxg3 15. Qe2 Bh3 16. Qf1 Bg4 17. Nbd2 Bxf3 18. Nxf3 g4 19. Nd2 Qf4 20. Ne4 Ne5 21. Nxc5 Nf3+ 22. gxf3 gxf3 23. Nd7+ Kg7 24. Qh3 Rhg8 25. Qg3+ Kh8 26. Bf1 Rxg3+ 27. fxg3 Qxg3+ 28. Kh1 Qh4+ 0-1

[Event "POL-ch U20 Girls"]
[Site "Chotowa"]
[Date "2023.10.26"]
[Round "4"]
[White "Goraj, Barbara"]
[Black "Kudlak, Julia"]
[Result "1/2-1/2"]
[WhiteElo "2135"]
[BlackElo "1892"]
[PlyCount "88"]
[EventDate "2023.10.24"]
[EventType "swiss"]
[EventRounds "9"]
[EventCountry "POL"]
[SourceTitle "EXT 2025"]
[Source "ChessBase"]
[SourceDate "2024.10.14"]
[SourceVersion "1"]
[SourceVersionDate "2024.10.14"]
[SourceQuality "1"]
[WhiteTeam "Polen"]
[BlackTeam "Polen"]
[WhiteTeamCountry "POL"]
[BlackTeamCountry "POL"]

1. Nf3 e6 2. c4 d5 3. g3 Nf6 4. Bg2 d4 5. e3 c5 6. exd4 cxd4 7. 0-0 Nc6 8. Re1 Bd6 9. d3 0-0 10. b3 Re8 11. Na3 Bb4 12. Re2 e5 13. Bb2 Bg4 14. h3 Bh5 15. g4 Bg6 16. Nh4 Bxa3 17. Bxa3 Ne4 18. Bxe4 Bxe4 19. Rxe4 Qxh4 20. Qf3 Re6 21. Bc1 Rf6 22. Qg2 Rg6 23. g5 Qh5 24. Rg4 Rf8 25. f4 f5 26. Rg3 h6 27. Bd2 hxg5 28. b4 Re8 29. b5 exf4 30. Bxf4 Nb4 31. Rxg5 Rxg5 32. Bxg5 Re2 33. Qg3 Nc2 34. Rf1 Ne3 35. Bxe3 Rxe3 36. Qb8+ Kh7 37. Qf4 Qxh3 38. Qxf5+ Qxf5 39. Rxf5 Kg6 40. Rd5 Rxd3 41. Rd7 Rd2 42. Rxb7 Rxa2 43. Rd7 Kf5 44. Rxd4 Rc2 1/2-1/2

[Event "POL-ch sf (Women)"]
[Site "Karpacz"]
[Date "2022.12.09"]
[Round "8"]
[White "Sliwicka, Alicja"]
[Black "Kudlak, Julia"]
[Result "1-0"]
[WhiteElo "2284"]
[BlackElo "1749"]
[PlyCount "67"]
[EventDate "2022.12.03"]
[EventType "swiss"]
[EventRounds "9"]
[EventCountry "POL"]
[SourceTitle "EXT 2024"]
[Source "ChessBase"]
[SourceDate "2023.10.10"]
[SourceVersion "1"]
[SourceVersionDate "2023.10.10"]
[SourceQuality "1"]

1. e4 c5 2. Nf3 d6 3. d4 cxd4 4. Nxd4 Nf6 5. Nc3 a6 6. h3 g6 7. g4 h5 8. g5 Nfd7 9. Be3 Bg7 10. Qd2 0-0 11. 0-0-0 b5 12. f4 Bb7 13. f5 Nc5 14. Bg2 Qa5 15. Kb1 b4 16. Nd5 Nxe4 17. Bxe4 Bxd5 18. Nb3 Bxb3 19. cxb3 Nd7 20. fxg6 fxg6 21. Qd5+ Qxd5 22. Bxd5+ Kh7 23. Bxa8 Rxa8 24. Rc1 Ne5 25. Rc7 Re8 26. Rf1 Kg8 27. Kc2 Nf7 28. a3 bxa3 29. bxa3 d5 30. Rd1 Rd8 31. Bc5 e6 32. Rf1 Nd6 33. Bxd6 Rxd6 34. Rc8+ 1-0

[Event "POL-ch sf (Women)"]
[Site "Karpacz"]
[Date "2022.12.05"]
[Round "4"]
[White "Kudlak, Julia"]
[Black "Starosta, Martyna"]
[Result "0-1"]
[WhiteElo "1749"]
[BlackElo "1991"]
[PlyCount "138"]
[EventDate "2022.12.03"]
[EventType "swiss"]
[EventRounds "9"]
[EventCountry "POL"]
[SourceTitle "EXT 2024"]
[Source "ChessBase"]
[SourceDate "2023.10.10"]
[SourceVersion "1"]
[SourceVersionDate "2023.10.10"]
[SourceQuality "1"]

1. d4 Nf6 2. c4 e6 3. Nf3 Bb4+ 4. Nbd2 Be7 5. a3 b6 6. e4 d5 7. e5 Nfd7 8. cxd5 exd5 9. Bd3 c5 10. 0-0 Ba6 11. Qc2 Bxd3 12. Qxd3 c4 13. Qf5 Nf8 14. Nb1 Ne6 15. Nc3 Nc6 16. Be3 0-0 17. Qg4 Rb8 18. h4 b5 19. Ng5 Bxg5 20. hxg5 a5 21. g3 b4 22. axb4 Rxb4 23. Kg2 Re8 24. Rab1 Nxe5 25. dxe5 d4 26. Ne4 dxe3 27. fxe3 Qd5 28. Qf3 Qb7 29. Kg1 c3 30. Nxc3 Qxf3 31. Rxf3 Nxg5 32. Rf5 Rxe5 33. Rd1 g6 34. Rxe5 Nf3+ 35. Kf1 Nxe5 36. Rd5 Nc4 37. Ke2 f6 38. Rc5 a4 39. Nd5 Rxb2+ 40. Kd3 Ne5+ 41. Kc3 Rb3+ 42. Kc2 Ng4 43. Kd2 h5 44. Rc7 Kf8 45. e4 Rxg3 46. Nf4 Ne5 47. Nd5 Rf3 48. Ra7 a3 49. Ke2 h4 50. Ra8+ Kg7 51. Ra7+ Kh6 52. Ne3 Rf4 53. Rxa3 Rxe4 54. Kf1 Nc4 55. Nxc4 Rxc4 56. Kg2 f5 57. Ra6 Kg5 58. Kh3 Rc3+ 59. Kg2 Kh5 60. Rf6 Rc5 61. Kh2 g5 62. Rf8 Kg4 63. Ra8 Rc2+ 64. Kg1 f4 65. Ra1 Kg3 66. Rd1 f3 67. Rf1 Rg2+ 68. Kh1 Rh2+ 69. Kg1 f2+ 0-1